Ethnicity and Urban Population Growth: The Decline of the Prague Germans, 1880-1920
| Titel: | Ethnicity and Urban Population Growth: The Decline of the Prague Germans, 1880-1920 |
|---|---|
| Verfasser: | |
| In: |
Studies in East European social history ; 2, (1981), Seite 3-26, Tab. alle Artikel anzeigen |
| Veröffentlicht: | 1981 |
| Format: | Aufsatz |
| Sprache: | Englisch |
X
alg: 39176011 001A $01999:11-11-16 001B $01999:26-04-21 $t20:12:16.000 001D $01999:11-11-16 001U $0utf8 001X $00 002@ $0Aox 003@ $0391760114 007A $0391760114 $aHEB 007T $0Herd80916 010@ $aeng 011@ $a1981 021A $aEthnicity and Urban Population Growth: The Decline of the Prague Germans, 1880-1920 028A $#Cohen, Gary Bennet $#Bennett-Cohen, Gary $#Bennett Cohen, Gary $713636795X $8Cohen, Gary B.$Z1948- [Tp3] $9204679788 031A $h3-26, Tab. $j1981 039B $aIn $8--Afu--. Studies in East European social history ; 2. - Leiden : Brill, (1981). - 189 S.. - ISBN 90-04-06386-2 $x198100000000000997 $909263320X 045F $a306.094371 $eDDC23BSB 045F/01 $a306.09 045F/03 $g4371 lok: 39176011 78 exp: 39176011 78 1 #EPN 201B/01 $026-11-17 $t00:51:29.000 201U/01 $0utf8 203@/01 $0787854956 208@/01 $a11-11-16 $be 209A/01 $a/ $f000 $x00 220C/01 $aTitelaufnehmer: cs 244Z/01 $#Tschechien $#Tschechische Republik $#Tschechische Republik $#Tschechenland $#Tschechei Tschechien $#Česká Republika $#Czech Republic $#ČR $74303381-7 $8--Tg1--Tschechien $x01 $9086659812 244Z/01 $2Trx $#Böhmen $#Bohemia $#Czechy $8--Trx--Čechy $x02 $9391188941 244Z/01 $#Prag $#Hlavni Město Praha $#Hauptstadt Prag $#Prag Kraj $#Bezirk Prag $#Praha $#Prague $#Praga $#Praag $74076310-9 $8--Tg1--Prag $x03 $9085216283 244Z/01 $aGeschichte 1880-1920 $x04 244Z/01 $2Trx $#linnarahvastik $#miesto gyventojai $#city dwellers $#város-lakosság $#ludność miejska $#obyvateľstvo mestské $#obyvatelstvo městské $8--Trx--Stadtbevölkerung $x05 $9391353233 244Z/01 $2Trx $#sakslased $#vokiečiai $#Germans $#németek $#Niemcy narodowość $#Nemci $#Němci $8--Trx--Deutsche $x06 $9391356801 244Z/01 $2Trx $#rahvastik liikumine ja struktuur $#gyventojai $#population migration, social stratification of the population $#népesség mozgalom és struktúra $#ludność ruch naturalny i struktura $#obyvateľstvo pohyb a štruktúra obyvateľstva $#obyvatelstvo pohyb a struktura obyvatelstva $#Sozialstruktur $#struktura społeczna $8--Trx--Bevölkerung$gBewegung und Struktur $x07 $9391372521 244Z/01 $2Trx $8--Trx--Einzelbeiträge $x08 $9391384570 245Z/01 $a13.03 $x01 245Z/01 $a08.04.01 $x02 247C/01 $82080>Marburg/Lahn, Herder-Institut, Forschungsbibliothek, Bibliographieportal $9336309341
| LEADER | 00000caa a22000002c 4500 | ||
|---|---|---|---|
| 001 | 391760114 | ||
| 003 | DE-603 | ||
| 005 | 20210426201216.0 | ||
| 007 | tu | ||
| 008 | 161111s1981 xx |||| | u00||u|eng c | ||
| 035 | |a (DE-599)HEB391760114 | ||
| 040 | |a DE-603 |b ger |c DE-603 |d DE-603 | ||
| 041 | |a eng | ||
| 082 | 0 | 4 | |8 1\u |a 306.094371 |q DE-101 |2 23/BSB |
| 085 | |8 1\u |b 306.09 | ||
| 085 | |8 1\u |z 2 |s 4371 | ||
| 100 | 1 | |a Cohen, Gary B. |d 1948- |0 (DE-603)204679788 |0 (DE-588)13636795X |2 gnd | |
| 245 | 0 | 0 | |a Ethnicity and Urban Population Growth: The Decline of the Prague Germans, 1880-1920 |
| 264 | 0 | |c 1981 | |
| 773 | 0 | 8 | |i In |t Studies in East European social history ; 2 |d Leiden : Brill, (1981) |h 189 S. |z 9004063862 |g (1981), Seite 3-26, Tab. |w (DE-603)09263320X |
| 924 | 0 | |9 2080 |a (DE-603)787854956 |b DE-2080 |c HES |d d |g / | |


